تخطي إلى المحتوى

Конструирование и макетирование: практикум для обучающихся по направлению подготовки 54.03.02 «Декоративно-прикладное искусство и народные промыслы», профиль «Художественная керамика», квалификация (степень) выпускника «бакалавр»

Практикум по дисциплине «Конструирование и макетирование» содержит описание практических занятий по всем разделам курса. Даны методические указания по выполнению практических заданий. Практикум предназначен для обучающихся вузов, а также может быть полезен широкому кругу специалистов в области декор...

وصف كامل

محفوظ في:
التفاصيل البيبلوغرافية
المؤلف الرئيسي: Беляева О. А.
التنسيق: Книга
اللغة:Russian
منشور في: Кемерово КемГИК 2021
الوصول للمادة أونلاين:https://e.lanbook.com/book/250607
https://e.lanbook.com/img/cover/book/250607.jpg
الوسوم: إضافة وسم
لا توجد وسوم, كن أول من يضع وسما على هذه التسجيلة!
LEADER 01915nam0a2200265 i 4500
001 250607
003 RuSpLAN
005 20221220174202.0
008 221220s2021 ru gs 000 0 rus
020 |a 978-5-8154-0593-6 
040 |a RuSpLAN 
041 0 |a rus 
044 |a ru 
080 |a 7.02(076.5) 
084 |a 978-5-8154-0593-6  |2 rubbk 
245 0 0 |a Конструирование и макетирование: практикум для обучающихся по направлению подготовки 54.03.02 «Декоративно-прикладное искусство и народные промыслы», профиль «Художественная керамика», квалификация (степень) выпускника «бакалавр»  |c Беляева О. А. 
260 |a Кемерово  |b КемГИК  |c 2021 
300 |a 95 с. 
504 |a Библиогр.: доступна в карточке книги, на сайте ЭБС Лань 
520 8 |a Практикум по дисциплине «Конструирование и макетирование» содержит описание практических занятий по всем разделам курса. Даны методические указания по выполнению практических заданий. Практикум предназначен для обучающихся вузов, а также может быть полезен широкому кругу специалистов в области декоративно-прикладного искусства. 
521 8 |a Книга из коллекции КемГИК - Искусствоведение 
100 1 |a Беляева О. А. 
856 4 |u https://e.lanbook.com/book/250607 
856 4 8 |u https://e.lanbook.com/img/cover/book/250607.jpg 
953 |a https://e.lanbook.com/img/cover/book/250607.jpg 
Cannot write session to /tmp/vufind_sessions/sess_531ge6t6su8hrhkb01jisbiah2